Manual de derecho administrativo (Registro nro. 550)

Detalles MARC
000 -LEADER
fixed length control field 02479 a2200253 4500
001 - CONTROL NUMBER
control field 13823
005 - DATE AND TIME OF LATEST TRANSACTION
control field 20260407155444.0
008 - FIXED-LENGTH DATA ELEMENTS--GENERAL INFORMATION
fixed length control field 260407a1997 arg spa d
003 - CONTROL NUMBER IDENTIFIER
control field AR-UNSa-BCEJYS
040 ## - CATALOGING SOURCE
Original cataloging agency AR-UNSa-BCEJYS
Language of cataloging spa
Transcribing agency AR-UNSa-BCEJYS
080 ## - UNIVERSAL DECIMAL CLASSIFICATION NUMBER
Universal Decimal Classification number 342.9
Common auxiliary subdivision Derecho Administrativo
020 ## - INTERNATIONAL STANDARD BOOK NUMBER
International Standard Book Number 950-21-1232-6
041 ## - LANGUAGE CODE
Language code of text/sound track or separate title spa
100 1# - MAIN ENTRY--PERSONAL NAME
Personal name Diez, Manuel María
245 10 - TITLE STATEMENT
Title Manual de derecho administrativo
250 ## - EDITION STATEMENT
Edition statement 6a. ed.
264 #1 - PRODUCTION, PUBLICATION, DISTRIBUTION, MANUFACTURE, AND COPYRIGHT NOTICE
Place of production, publication, distribution, manufacture Buenos Aires :
Name of producer, publisher, distributor, manufacturer Plus Ultra
Date of production, publication, distribution, manufacture, or copyright notice 1997
300 ## - PHYSICAL DESCRIPTION
Extent 589 p.
Dimensions 22 cm.
505 ## - FORMATTED CONTENTS NOTE
Formatted contents note 1. De los servicios públicos 2. Del usuario del servicio público - 3. Concesión de servicios públicos - 4. Del deber público de prestación de los administrados - 5. La función pública civil. El funcionario público - 6. Del ingreso a la función pública - 7. De los deberes de los funcionarios públicos - 8. Del régimen disciplinario de los funcionarios públicos - 9. Derechos de los funcionarios públicos - 10. Extinción de la relación personal - 11. De los funcionarios de hecho - 12. Policía del Estado - 13. Medios de policía administrativa - 14. De las contravenciones y penas de policía - 15. De la actividad administrativa - 16. Régimen administrativo de la propiedad privada - 17. Restricciones y servidumbres administrativas - 18. De la ocupación temporal - 19. La expropiación por causa de utilidad pública - 20. Requisa y comiso - 21. Bienes del Estado - 22. Concepto de dominio público - 23. El régimen jurídico especial del dominio público - 24. De la creación y extinción del dominio público - 25. Utilización del dominio público - 26. De la delimitación y del alineamiento del dominio público - 27. De los bienes que integran el dominio público - 28. Responsabiblidad Aquiliana del Estado por hechos y actos administrativos - 29. Responsabilidad civil de los funcionarios públicos - 30. Responsabilidad del Estado por actos legislativos y judiciales - 31. Situaciones jurídicas subjetivas - 32. El control de la administración - 33. Procedimiento administrativo - 34. El control administrativo. Los recursos administrativos - 35. De los recursos en particular. El recurso de reconsideración - 36. El recurso jerárquico - 37. Otros recursos - 38. Reclamación administrativa previa
590 ## - LOCAL NOTE (RLIN)
Local note niveau_biblio:m niveau_hierar:0
700 1# - ADDED ENTRY--PERSONAL NAME
Personal name Hutchinson, Tomás A.
856 41 - ELECTRONIC LOCATION AND ACCESS
Uniform Resource Identifier <a href="https://biblioeco.unsa.edu.ar/pmb/images/libros/L85532.jpg">https://biblioeco.unsa.edu.ar/pmb/images/libros/L85532.jpg</a>
Link text Imagen de portada
Electronic format type image/jpeg
942 ## - ADDED ENTRY ELEMENTS (KOHA)
Koha item type
Existencias
Withdrawn status Lost status Damaged status Not for loan Home library Current library Shelving location Date acquired Total checkouts Full call number Barcode Date last seen Price effective from Koha item type
        Biblioteca Prof. Eusebio Cleto del Rey Biblioteca Prof. Eusebio Cleto del Rey   07/04/2026   342.9 D568 v.2 6ed. L70064 07/04/2026 07/04/2026 Libro
        Biblioteca Prof. Eusebio Cleto del Rey Biblioteca Prof. Eusebio Cleto del Rey   07/04/2026   342.9 D568 v.2 6ed. L70065 07/04/2026 07/04/2026 Libro